Micekings: attack of the dragons (Record no. 9233)

MARC details
000 -LEADER
fixed length control field 00898nam a22002177a 4500
003 - CONTROL NUMBER IDENTIFIER
control field OSt
005 - DATE AND TIME OF LATEST TRANSACTION
control field 20260317063227.0
008 - FIXED-LENGTH DATA ELEMENTS--GENERAL INFORMATION
fixed length control field 260317b |||||||| |||| 00| 0 eng d
020 ## - INTERNATIONAL STANDARD BOOK NUMBER
International Standard Book Number 978-0-545-87238-6
040 ## - CATALOGING SOURCE
Original cataloging agency DWCL GS lib
Transcribing agency OC
082 ## - DEWEY DECIMAL CLASSIFICATION NUMBER
Classification number S856m 2014
100 ## - MAIN ENTRY--PERSONAL NAME
Personal name STILTON, GERONIMO
245 ## - TITLE STATEMENT
Title Micekings: attack of the dragons
Statement of responsibility, etc. GERONIMO STILTON
260 ## - PUBLICATION, DISTRIBUTION, ETC.
Place of publication, distribution, etc. New York
Name of publisher, distributor, etc. Scholastic, Inc
Date of publication, distribution, etc. 2014
300 ## - PHYSICAL DESCRIPTION
Extent 115 p
Other physical details colored illustrations
Dimensions 19 cm
520 ## - SUMMARY, ETC.
Summary, etc. When the village of Mouseborg's cook falls ill, Geronimo travels to find wild mint to cure her, braving dangers like fire-breathing dragons, intense cold, and treacherous seas alongside his friends Trap and Thea.
650 ## - SUBJECT ADDED ENTRY--TOPICAL TERM
Topical term or geographic name entry element every day is an adventure for the micekings! Attack of the Dragons
650 ## - SUBJECT ADDED ENTRY--TOPICAL TERM
Topical term or geographic name entry element using intelligence over brute force to overcome challenges.
700 ## - ADDED ENTRY--PERSONAL NAME
Personal name GERONIMO STILTON
942 ## - ADDED ENTRY ELEMENTS (KOHA)
Source of classification or shelving scheme Dewey Decimal Classification
Koha item type Fiction
Suppress in OPAC No

No items available.